000 01102nam a22004210a 4500
001 PT41055
003 AR-LpoUNG
005 20210131230814.0
008 191001s2010||||ag |||||||||||||||||spa d
020 _a9789500731775
_c$9
040 _aAR-LpoUNG
_bspa
_cAR-LpoUNG
_eaacr
041 _aspa
044 _aag
082 0 _a982.04 813sol
100 1 _aBragoni, Beatriz
245 1 0 _aSan Martín :
_bde soldado del rey a héroe de la nación
250 _a1§ edición
260 _aBuenos Aires :
_bSudamericana,
_c2010.
300 _a204 p. :
_btbls., gráfs.
650 4 _aAMERICA LATINA
650 4 _aANALISIS HISTORICO
650 4 _aARGENTINA
650 4 _aASPECTOS POLITICOS
650 4 _aASPECTOS SOCIALES
650 4 _aBIBLIOGRAFIAS
650 4 _aDESCOLONIZACION
650 4 _aFUERZAS ARMADAS
650 4 _aGUERRA CIVIL
650 4 _aHISTORIA
650 4 _aLIBERACION
650 4 _aLIBERTAD
650 4 _aMOVIMIENTOS DE LIBERACION NACIONAL
650 4 _aPOLITICA
650 4 _aREVOLUCION
651 4 _aAmérica Latina
905 _a41055
942 _cLSALA
999 _c6291
_d6291